01185nam1a2200361 i 4500001002000000005001700020035002600037100004100063101001300104102000700117105001800124200017800142210007600320215000700396463001500403463001500418463001500433463001500448463001500463463001500478463001500493463001500508463001500523463001500538463001500553463001500568510001800583702007600601702007600677801002700753801002200780852002100802RU\NLR\bibl\151340820260405201127.0 a(NLR Aleph) 001504794 a20100519g20099999u y0rusy50 ca1 aruscund aRU a||||t |||||1 aКлейморdClaymoree[манга в оригинальном формате]fНорихиро Яги [текст и рис.gпер.: Анна Синицкая]zeng aМоскваcЭксмоaСанкт-ПетербургcComixARTd2009 d19 010011482891 010011494831 010011676863 010011680725 010011705039 010011721532 010011739864 010011777712 010011858027 010011881274 010011951223 0100119613660 aClaymorezeng 145708rus7caaЯгиbН.f1968-gНорихиро3RU\NLR\auth\7788700 140408rus7caaЯгиbН.f1968-gНорихиро3RU\NLR\auth\7788700 0aRUbNLRc20100519gRCR 1aRUbNLRc20100519 aNLRj2010-3/6599